|
|
|
|
| LEADER |
01155cam a2200265 7i4500 |
| 001 |
0000074591 |
| 005 |
20230523090000.0 |
| 020 |
|
|
|a 9780323901932 (electronic book)
|
| 090 |
0 |
0 |
|a QA76.9.B56
|b B58 2022
|
| 245 |
0 |
0 |
|a Blockchain technology for emerging applications :
|b a comprehensive approach
|c edited by SK Hafizul Islam [and three others].
|
| 264 |
|
|
|a London:
|b Academic Press,
|c 2022.
|
| 300 |
|
|
|a 1 online resource (330 pages):
|b colour illustrations, text file, PDF.
|
| 336 |
|
|
|a text
|2 rdacontent
|
| 337 |
|
|
|a computer
|2 rdamedia
|
| 338 |
|
|
|a online resource
|2 rdacarrier
|
| 490 |
0 |
|
|a Hybrid computational intelligence for pattern analysis and understanding series
|
| 650 |
|
0 |
|a Blockchains (Databases)
|
| 650 |
|
0 |
|a Database security
|
| 655 |
|
0 |
|a Electronic books
|
| 700 |
1 |
|
|a Islam. SK Hafizul
|
| 856 |
4 |
2 |
|u http://library.unisel.edu.my/web/guest/mylibrary
|
| 997 |
|
|
|a Communication, Visual Art & Computing, Faculty
|b Computing, Department
|
| 998 |
|
|
|a Computer Science (Network Security and Digital Forensic), Degree
|
| 999 |
|
|
|a EBO0017797
|b EBOOK
|c EBOOK
|e Electronic resources
|
| 999 |
|
|
|a EBO0020195
|b EBOOK
|c EBOOK
|e Electronic resources
|